STR- Vocabulary Words - Statistics

General Stats
  • This quiz has been taken 140 times
  • The average score is 13 of 20
Answer Stats
definition word % Correct
someone you do not know stranger
98%
hit, or (in baseball) don't hit strike
94%
comes with stars, or on a zebra stripes
94%
stretch of road without a curve straight
86%
make great efforts to achieve something strive
86%
gently move a hand along a cat's back stroke
86%
bigger than a brook but smaller than a river stream
85%
walk with long, clear, steps stride
83%
strip of leather or metal used to secure something strap
77%
thses can be dire, or sea channels straits
73%
sit on something with one leg either side of it straddle
68%
make forceful efforts to get free of restraint struggle
65%
cloud type stratus
62%
framework support, or a haughty walk strut
61%
influence or power possessed by someone strength
50%
layer stratum
44%
attack with machine gun fire from a plane strafe
36%
a way of achieving a goal strategy
30%
full of pressure or tension stressful
21%
bacteria that causes milk to sour and teeth to decay streptococci
12%
No matching quizzes found
Score Distribution
Percent of People with Each Score
Percentile by Number Answered
Your Score History
You have not taken this quiz